|
|
|
|
| LEADER |
00000nab a2200000 a 4500 |
| 001 |
vtls009472311 |
| 003 |
SK-MaSNL |
| 005 |
20260304164103.0 |
| 008 |
250507c2008 xo |||||||||||000 b|slo |
| 015 |
|
|
|a SNBRB2009/02
|2 snkbucl
|
| 035 |
|
|
|a (uuid)9f1a593a-b7f3-44d7-9302-b86986750f3c
|
| 035 |
|
|
|a urn:nbn:sk:snk-ab1428
|
| 035 |
|
|
|a (urnnbn)urn:nbn:sk:snk:ar-a03myh
|
| 038 |
|
|
|a SNKBUCL
|
| 040 |
|
|
|a SNKBUCL
|b slo
|c SNKBUCL
|e AACR2
|
| 041 |
0 |
|
|a slo
|
| 044 |
|
|
|a xo
|c SK
|
| 080 |
|
|
|a 332.122.055.2
|x (437.6)
|2 2001
|
| 080 |
|
|
|a 332.146.2
|2 2001
|
| 080 |
|
|
|a 352.072.3
|2 2001
|
| 080 |
|
|
|a 332.055.2
|2 2001
|
| 245 |
0 |
0 |
|a Priatelia Zeme-CEPA pomáhajú obciam mikroregiónu Podpoľanie
|
| 610 |
2 |
7 |
|a Priatelia Zeme - CEPA
|2 snkbucl
|9 1328283
|
| 650 |
0 |
7 |
|a obce
|2 snkbucl
|9 2935
|
| 650 |
0 |
7 |
|a mikroregióny
|2 snkbucl
|9 29043
|
| 650 |
0 |
7 |
|a regionálny rozvoj
|2 SNKPH
|9 2352
|
| 650 |
0 |
7 |
|a podpora regionálneho rozvoja
|2 SNKPH
|9 68389
|
| 651 |
|
7 |
|a Podpoľanie (Slovensko : región)
|2 snkbucl
|9 63474
|
| 773 |
0 |
|
|t Odpady
|g Roč. 8, č. 11 (2008), s. 43
|x 1335-7808
|
| 850 |
|
|
|a Slovenská národná knižnica
|
| 852 |
|
|
|a Slovenská národná knižnica
|
| 954 |
|
|
|a odborná, vedecká literatúra pôvodná (slovenská)
|2 lita
|
| 958 |
|
|
|a article2022
|
| 958 |
|
|
|a SK
|
| 958 |
|
|
|a OND
|
| 958 |
|
|
|a EUIPO
|
| 999 |
|
|
|c 2979621
|d 2981551
|